Регионална библиотека "Любен Каравелов" - Русе

Клетниците (Запис номер 135447)

MARC детайли
000 -Лидер
Контролно поле с фиксирана дължина nam a22 a 4500
003 - Код на организацията, давaща контролен номер
Контролно поле BLK
005 - Дата и час на последна редакция
Контролно поле 20210720104708.0
008 - Елементи от данни с фиксирана дължина
fixed length control field 180409b bul|||||r ||||||| ||bul||
010 ## - Наследен системен номер
LC control number KNG00141373000
040 ## - Източник на каталожния запис
Идентификатор на билиотеката - собственик на записа BLK
041 ## - Код за език
Код за езика на текст/звукозапис или на отделно заглавие Български
Код за езика КДБФ Български
072 #7 - Код за тематичната категория
Код организация bullib
Код за тематична категория Ц
Текст Редки и ценни
080 ## - УДК
Текстов определител УДК Френска литература
УДК код - определител по УДК 821.133.1
УДК определител -2
УДК - код + определител 821.133.1-2
100 1# - Редна дума - Автор
Автор Хюго, Шарл
Авторска отговорност първи автор
R(LIN) 324829
139 ## - Редно поле
Редна дума Юго, Шарл Виктор
Авторски знак Юг - Ю 13
245 10 - Сведения за заглавието
Заглавие Клетниците
Подзаглавни данни Драма в 5 д. и 12 карт. : (Извлеч. от романа на В. Хюго)
Редно поле (дума) Виктор Юго; Шарл Хюго; прев. от фр. Х. М. Басан; прев. от фр. Петър Христов Генков; * Шарл Виктор Юго.
257 ## - Страна на издаване
Страна на създаване/издаване Франция
260 ## - Област на издателските данни
Година на издаване 1896
Печатница Варна : Взаимност
Място на издаване, разпространение и проч. Варна
9 (RLIN) 393107
Име на издателя, разпространителя и проч. б.и.
300 ## - Физическа характеристика
Страници 80 с.
Размери/Мащаб 19 см
380 ## - Жанр
Жанр Худож. лит.
490 1# - СЕРИИ (Колекции)
Име на серия Театрална библиотека
№: серия Сер. II, № 3
490 ## - СЕРИИ (Колекции)
Име на серия Колекция Редки и ценни издания
9 (RLIN) 435080
500 ## - Общи забележки
Забележка Извлеч. от романа на Виктор Юго. - Екз. с инв. № 767387 подв. към Желязната маска / О. Арну и Н. Фурние. 1897 със сигн. Рб 896 и инв. № 18802/58 ; Инв. № 3035-а подв. с Чест / Х. Зудерман. 1896 със сигн. Рб 896 и инв. № 767388.
653 ## - Ключова дума – ненормативна
Ключова дума драма
653 ## - Ключова дума – ненормативна
Ключова дума пиеси
700 ## - Други автори (авторска отговорност)
Лично име Юго, Виктор
Автороска отговорност (Описва отношението между автора и произведението) първи автор
9 (RLIN) 1299
700 1# - Други автори (авторска отговорност)
Лично име Басан, Х. М.
Автороска отговорност (Описва отношението между автора и произведението) прев. от фр.
Друга информация Генков, Петър Христов
9 (RLIN) 317492
700 1# - Други автори (авторска отговорност)
Лично име Генков, Петър Христов
Автороска отговорност (Описва отношението между автора и произведението) прев. от фр.
9 (RLIN) 377088
852 ## - Местоположение
Форматна сигнатура Рб 896
Фондова буква Редки и ценни
852 ## - Местоположение
Форматна сигнатура Рб 897
Фондова буква Редки и ценни
856 4# - Електронен адрес и достъп
Електронен формат pdf - файл
999 ## - СИСТЕМНИ КОНТРОЛНИ НОМЕРА
Koha biblionumber 135447
Koha biblioitemnumber 135447
942 ## - АРТИКУЛИ
Вид на библиотечния материал Книги
Скрит в OPAC Не
Периодичен библиозапис Да
944 ## - СЪЗДАВАНЕ И РЕДАКЦИЯ на ЗАПИСА
Създаване/Редакция Създаване
Дата на регистрацията/редакция 26.03.2013
Статус, дата на статуса ф / 26.03.2013
Служител, извършил регистрацията/редакцията Людмила_Стоянова
944 ## - СЪЗДАВАНЕ И РЕДАКЦИЯ на ЗАПИСА
Създаване/Редакция Редакция
Дата на регистрацията/редакция 04.11.2013
Статус, дата на статуса ф / 26.03.2013
944 ## - СЪЗДАВАНЕ И РЕДАКЦИЯ на ЗАПИСА
Създаване/Редакция Редакция
Дата на регистрацията/редакция 2021-07-20
Статус, дата на статуса 2021-07-20
Служител, извършил регистрацията/редакцията ВК
999 ## - СИСТЕМНИ КОНТРОЛНИ НОМЕРА
Koha biblioitemnumber 135447
999 ## - СИСТЕМНИ КОНТРОЛНИ НОМЕРА
Koha biblioitemnumber 135447
999 ## - СИСТЕМНИ КОНТРОЛНИ НОМЕРА
Koha biblioitemnumber 135447
999 ## - СИСТЕМНИ КОНТРОЛНИ НОМЕРА
Koha biblioitemnumber 135447
Наличности
Код за отписване Код за изгубен артикул Източник на класификационната схема Код за повреда Коз за рестрикции Код за отдаване Артикулен № Име на библиотеката - собственик Име на библиотеката, в която се намира в момента Статус (Текущо местоположение) Дата на вписване в системата Местоположение - отдел Цена в лева Инвентарен номер Систематично азбучна сигнатура Баркод Номер на екземпляра Цена в евро Служебна бележка Служебен тип на артикула
  Не е изгубен Universal Decimal Classification Не е повреден само за читалня Специални фондове ( старопечатни, редки и ценни, фонд М. Арнаудов) 221427 Регионална библиотека "Любен Каравелов" Русе Регионална библиотека "Любен Каравелов" Русе Редки и ценни 1896-01-01 Редки и ценни 0.06 3035 Рб 896 900000036153 1 0.03 Дост: DA N: старфонд Дата: 01.01.1896 Дата инв: 15.12.2016 Бележки инв: Рц2016 Книги
  Не е изгубен Universal Decimal Classification Не е повреден само за читалня Специални фондове ( старопечатни, редки и ценни, фонд М. Арнаудов) 221428 Регионална библиотека "Любен Каравелов" Русе Регионална библиотека "Любен Каравелов" Русе Редки и ценни 1896-01-01 Редки и ценни 0.06 3035-а Рб 896 900000036159 2 0.03 Дост: DA N: старфонд Дата: 01.01.1896 Дата инв: 02.04.2018 Бележки инв: Рц2018 Книги
  Не е изгубен Universal Decimal Classification Не е повреден само за читалня Специални фондове ( старопечатни, редки и ценни, фонд М. Арнаудов) 221429 Регионална библиотека "Любен Каравелов" Русе Регионална библиотека "Любен Каравелов" Русе Редки и ценни 2013-06-25 Редки и ценни 22.00 120000767387 Рб 897 120000767387 3 11.25 Дост: DA Вид: А N: 14 Дата: 25.06.2013 Дата инв: 15.12.2016 Бележки инв: Рц2016 Книги
  Не е изгубен Universal Decimal Classification Не е повреден   Специални фондове ( старопечатни, редки и ценни, фонд М. Арнаудов) 853998 Регионална библиотека "Любен Каравелов" Русе Регионална библиотека "Любен Каравелов" Русе Редки и ценни 2021-09-21 Редки и ценни 0.00 453824 Рб 896 120000453824   0.00   Книги
Vip Innovations Ltd, Rousse, Bulgaria 2025